000 00243nam a2200097Ia 4500
001 1300110
005 20260420095858.0
008 260420s9999 xx 000 0 und d
245 0 _aBAYKUŞ PİKO
_cNUR KUTLU
260 _bTİMAŞ ÇOCUK YAYINLARI
999 _c1300110
_d1300110